000 00433nam a2200169Ia 4500
008 090711s9999 xx 000 0 und d
082 _b69555
100 _aसावंत वसंत
245 _aदेवराई
260 _c1990
300 _a75
600 _aसावंत वसंत
630 _aदेवराई
700 _aसावंत वसंत
730 _aदेवराई
942 _cBOOK
999 _c291801
_d291801